Statistics for All-Time Sports Champions Quiz

Click here to take the quiz!

General Stats

  • This quiz has been taken 46,654 times
    (16,125 since last reset)
  • The average score is 15 of 28

Answer Stats

Sport Category # Champion % Correct
SoccerWorld Cup wins (country)5Brazil
87%
OlympicsSummer Medals (country)2400United States
87%
BaseballWorld Series wins (team)27New York Yankees
79%
SoccerUEFA Euro titles (country)3Germany
76%
Singles TennisGrand Slam wins (men)20Roger Federer
76%
FootballSuper Bowl wins (QB)6Tom Brady
74%
OlympicsSummer Golds (individual)23Michael Phelps
72%
SoccerPremier League titles (team)13Manchester United
72%
SoccerUEFA Euro titles (country)3Spain
71%
SoccerWorld Cup wins (player)3Pelé
70%
BasketballNBA titles (team)17Boston Celtics
69%
SoccerChampions League titles (team)13Real Madrid
66%
FootballSuper Bowl wins (team)6Pittsburgh Steelers /
New England Patriots
61%
OlympicsWinter Medals (country)368Norway
58%
FootballSuper Bowl wins (coach)6Bill Belichick
56%
FootballCollege titles
(school, 1998-present)
5Alabama
49%
GolfMajors (men)18Jack Nicklaus
44%
HockeyStanley Cups (team)24Montreal Canadiens
44%
BasketballNBA titles (player)11Bill Russell
42%
BasketballCollege titles (men's team)11UCLA
38%
BasketballNBA titles (coach)11Phil Jackson
38%
Auto RacingFormula One Drivers'
Championships
7Michael Schumacher
35%
FootballMost wins (college team)943Michigan
30%
BasketballCollege titles (men's coach)10John Wooden
24%
BaseballWorld Series wins (player)10Yogi Berra
21%
Auto RacingDaytona 500 wins7Richard Petty
16%
Singles TennisGrand Slam wins (women)24Margaret Court
16%
BoxingHeavyweight title defenses25Joe Louis
14%

Score Distribution

Percentile by Number Answered

Percent of People with Each Score

Your Score History

You have not taken this quiz since the last reset